TALLER DE ANÁLISIS DE LA COMUNICACIÓN (Registro nro. 29150)
[ vista simple ]
| 000 -LEADER | |
|---|---|
| fixed length control field | 00459nam a2200169 a 4500 |
| 001 - CONTROL NUMBER | |
| control field | 29150 |
| 005 - DATE AND TIME OF LATEST TRANSACTION | |
| control field | 20180713232140.0 |
| 008 - FIXED-LENGTH DATA ELEMENTS--GENERAL INFORMATION | |
| fixed length control field | 140415s1995 000 0 spa d |
| 020 ## - INTERNATIONAL STANDARD BOOK NUMBER | |
| International Standard Book Number | 9701006542 |
| 041 ## - LANGUAGE CODE | |
| Language code of text/sound track or separate title | spa |
| 082 ## - DEWEY DECIMAL CLASSIFICATION NUMBER | |
| Classification number | 302.23011 |
| Item number | HER |
| 100 1# - MAIN ENTRY--PERSONAL NAME | |
| Personal name | DE LA TORRE, FRANCISCO JAVIER |
| 245 10 - TITLE STATEMENT | |
| Title | TALLER DE ANÁLISIS DE LA COMUNICACIÓN |
| 250 ## - EDITION STATEMENT | |
| Edition statement | 1a ed. |
| 260 ## - PUBLICATION, DISTRIBUTION, ETC. | |
| Place of publication, distribution, etc. | [s.l.] : |
| Name of publisher, distributor, etc. | MC GRAW HILL, |
| Date of publication, distribution, etc. | 1995 |
| 300 ## - PHYSICAL DESCRIPTION | |
| Extent | 1997 |
| Dimensions | 19 x 1 x 23 |
| Withdrawn status | Lost status | Source of classification or shelving scheme | Damaged status | Not for loan | Collection code | Home library | Current library | Shelving location | Date acquired | Source of acquisition | Total Checkouts | Full call number | Barcode | Date last seen | Date last checked out | Price effective from | Koha item type |
|---|---|---|---|---|---|---|---|---|---|---|---|---|---|---|---|---|---|
| Dewey Decimal Classification | General | Tehuacán | Tehuacán | Sala general | 03/12/2013 | Compra | 302.23011 HER | 503015 | 04/09/2017 | 04/09/2017 | 03/12/2013 | Libro |